Štatistická ročenka regiónov Slovenska 2009

Saved in:
Bibliographic Details
Format: Book
Language:Slovak
English
Published: Bratislava Štatistický úrad Slovenskej republiky 2010
Subjects:
Tags: Add Tag
No Tags, Be the first to tag this record!

MARC

LEADER 00000nam$a2200000$$$4500
001 0110721
005 20251126114234.3
020 |a 978-80-89358-63-2 
041 0 |a slo 
041 0 |a eng 
044 |a SK 
245 1 0 |a Štatistická ročenka regiónov Slovenska 2009 
264 1 |a Bratislava  |b Štatistický úrad Slovenskej republiky  |c 2010 
300 |a 395 s. 
500 |a Zdroj dokumentu: Štatistický úrad SR 
610 2 0 |a Slovensko 
610 2 0 |a obyvateľstvo 
610 2 0 |a sektory hospodárske 
610 2 0 |a sektor verejný